|
|
|
|
| LEADER |
00000nab a2200000 a 4500 |
| 001 |
vtls009279284 |
| 003 |
SK-MaSNL |
| 005 |
20260304181707.0 |
| 008 |
080327 2008 xo e 000 0 slo |
| 038 |
|
|
|a LVTK
|
| 040 |
|
|
|a LVTK
|b slo
|e AACR2
|c LVTK
|
| 041 |
|
|
|a slo
|
| 044 |
|
|
|a xo
|c SK
|
| 080 |
|
|
|a 821.162.4
|2 2001
|
| 100 |
1 |
|
|a Páleník, Ján
|4 aut
|9 298353
|
| 245 |
1 |
0 |
|a Za Jozefom Melicherom
|c Ján Páleník
|
| 300 |
|
|
|b Fotogr.
|
| 600 |
1 |
7 |
|a Melicher, Jozef,
|d 1929-2008
|2 lvtk
|9 105016
|
| 650 |
0 |
7 |
|a slovenská literatúra
|2 SNKPH
|9 1115
|
| 650 |
0 |
7 |
|a život a tvorba
|2 lvtk
|9 474565
|
| 650 |
0 |
7 |
|a nekrológy
|2 lvtk
|9 28957
|
| 650 |
0 |
7 |
|a rodáci
|2 lvtk
|9 30842
|
| 650 |
0 |
7 |
|a slovenskí spisovatelia
|2 SNKPH
|9 1258
|
| 651 |
|
7 |
|a Hronské Kľačany (Slovensko)
|2 lvtk
|9 104763
|
| 773 |
0 |
|
|t Slovenská brána
|g Roč. 18 (58) , č. 1 (2008), s. 6
|
| 852 |
|
|
|a LVTK
|b KIS3G
|
| 999 |
|
|
|c 3025421
|d 3027351
|